000 01562nam a2200301 a 4500
003 DO-SdBNP
005 20250610150022.0
007 ta
008 221121e2022 dr ac||fr|||| 001 edspa d
020 _a9789945625127
040 _aDO-SdBNP
_bspa
_cBNPHU
082 4 _222
_bM696L
245 1 0 _aLiderazgo, educación y tecnología en la era de la innovación y calidad educativa dentro de la revolución industrial 4.0. /
_cIvory Mogollón Lugo, Francisco Cervantes Pérez, Magdalena Cruz Benzán; Editor, Lennys Tejada Batancourt
264 _aSantiago de los Caballeros, República Dominicana :
_bUAPA,
_c2022
300 _a229, [10] p. :
_bil., retr. ;
_c23 cm.
500 _aPensar, hacer e influir en lo educativo, orientar decisiones y unir acciones en prácticas innovadoras y de calidad que cuestionen paradigmas tradicionales.
500 _aIncluye semblanza de autores.
505 _aPrólogo.
_gCapítulo I.
_tLiderazgo e innovación en educación.--
_gCapítulo II.
_tCalidad Educativa.--
_gCapítulo III.
_tEducación y Renovación Industrial 4.0.--
_tSemblanzas de autores.
590 _aInventariado 2022 / MF
650 0 _aLiderazgo
_zRepública Dominicana
_vEducación
_92140
650 4 _979873
_aEducación superior
_xInnovaciones tecnológicas
_zRepública Dominicana
700 1 _aMogollón Lugo, Ivory
_eed.
_982868
700 1 _aFrancisco, Cervantes Pérez,
_eed.
_982869
700 1 _aMagdalena, Cruz Benzan,
_eed.
_982870
710 1 _917444
_aUniversidad Abierta Para Adulto (República Dominicana)
910 _aMFeliz
942 _2ddc
_cLBS1
999 _c52980
_d52980